Greening the economy (Record no. 112072)

MARC details
000 -LEADER
fixed length control field 01034cam a22001935a 4500
001 - CONTROL NUMBER
control field L152489
008 - FIXED-LENGTH DATA ELEMENTS--GENERAL INFORMATION
fixed length control field 110317s2011 xxk f 000 0 eng d
035 ## - SYSTEM CONTROL NUMBER
System control number (Sirsi) u152489
041 0# - LANGUAGE CODE
Language code of text/sound track or separate title eng
110 2# - MAIN ENTRY--CORPORATE NAME
Corporate name or jurisdiction name as entry element Aldersgate Group
9 (RLIN) 5205
245 00 - TITLE STATEMENT
Title Greening the economy
Remainder of title a strategy for growth, jobs and success
Medium [electronic resource]
260 ## - PUBLICATION, DISTRIBUTION, ETC.
Place of publication, distribution, etc. [S.l.]
Name of publisher, distributor, etc. Aldersgate Group
Date of publication, distribution, etc. 2011
520 ## - SUMMARY, ETC.
Summary, etc. Argues for a comprehensive green growth strategy in the March 2011 budget that goes beyond reducing the budget deficit to drive a dynamic economic recovery. This should include a strong policy framework to address market failures across the economy extending beyond traditional environmental industries to sectors such as automotive and construction.
590 ## - LOCAL NOTE (RLIN)
Local note KA NTK
651 #4 - SUBJECT ADDED ENTRY--GEOGRAPHIC NAME
Geographic name United Kingdom
Chronological subdivision
690 ## - LOCAL SUBJECT ADDED ENTRY--TOPICAL TERM (OCLC, RLIN)
Topical term or geographic name as entry element ENVIRONMENTAL AND LAND CONSULTANCY-SUSTAINABILITY
856 40 - ELECTRONIC LOCATION AND ACCESS
Uniform Resource Identifier <a href="https://www.aldersgategroup.org.uk/asset/download/111/greening_the_economy.pdf">https://www.aldersgategroup.org.uk/asset/download/111/greening_the_economy.pdf</a>
Public note View the report free of charge at www.aldersgategroup.org.uk
942 ## - ADDED ENTRY ELEMENTS (KOHA)
Suppress in OPAC 0
Holdings
Withdrawn status Lost status Source of classification or shelving scheme Damaged status Not for loan Home library Current library Shelving location Date acquired Total Checkouts Full call number Barcode Date last seen Copy number Price effective from Koha item type
    Dewey Decimal Classification     Virtual Virtual Online 17/03/2011   ONLINE PUBLICATION 152489-2001 06/08/2019 1 06/08/2019 Book